Women in the sacred laws (Record no. 3942)

MARC details
000 -LEADER
fixed length control field 00357nam a2200109 4500
082 ## - DEWEY DECIMAL CLASSIFICATION NUMBER
Classification number PC
Item number 294.5926 RAO
100 ## - MAIN ENTRY--PERSONAL NAME
Personal name Rao Shastri, Shakuntala
245 ## - TITLE STATEMENT
Title Women in the sacred laws
Statement of responsibility, etc. by Shakuntala Rao Shastri ; with a foreword by F.W. Thomas
260 ## - PUBLICATION, DISTRIBUTION, ETC.
Place of publication, distribution, etc. Bombay
Name of publisher, distributor, etc. Bharatiya Vidya Bhavan
Date of publication, distribution, etc. 1959
300 ## - PHYSICAL DESCRIPTION
Extent 189p.; 18cm
490 ## - SERIES STATEMENT
Series statement Bhavan book University ; no.13
Holdings
Withdrawn status Lost status Source of classification or shelving scheme Damaged status Use restrictions Not for loan Collection code Home library Current library Date acquired Total Checkouts Full call number Barcode Date last seen Price effective from Koha item type
    Dewey Decimal Classification   Restricted Access Not For Loan GEOGRAPHY & YAMUNACHARYA North Eastern Hill University North Eastern Hill University 24/11/2011   PC 294.5926 RAO B1523 24/11/2011 24/11/2011 Private Collection